000 00736nam a2200229 i 4500
001 110522
003 ES-MaACL
005 20230906185056.0
007 t|
008 070126s1911 fr ||||1| fre d
080 _a821.133.1-22"19"
100 1 _aLoyson, Paul-Hyacinthe.
_974405
245 1 3 _aL'apôtre
_b: tragédie moderne en trois actes en prose... /
_cPaul Hyacinthe Loyson.
250 _a[8ª] ed.
260 _aParis :
_bEdouard Pelletan,
_c1911.
300 _a106 p. ;
_c18 cm.
490 1 _aBibliothèque sociale et philosophique
500 _aBiblioteca Jacinto Martínez Lacalle.
830 0 _aBibliothèque sociale et philosophique
_9233032
852 _aES-MaACL
_jE-11579
_bR.139569
999 _c110522
_d110522